Jonah's favorite things - Statistics

General Stats
  • This quiz has been taken 7 times
  • The average score is 9 of 18
Answer Stats
Hint Answer % Correct
SPORT BASKETBALL
100%
BASKETBALL PLAYER LEBRON JAMES
100%
COLOR GREEN
50%
HOT DRINK HOT CHOCOLATE
50%
SNACK HOT SNACKS
50%
RESTURANT INDIAN GARDEN
50%
FAST FOOD MAX
50%
GAME MINECRAFT
50%
CANDY M&M
50%
SHOE BRAND NIKE
50%
SUBJECT PHYSCIAL EDUCATION
50%
SONG RANSOM
50%
CANDY BAR SNICKER
50%
COUNTRY SPAIN
50%
SODA SPRITE
50%
NBA TEAM WARRIORS
50%
MOVIE INFINITY WAR
0%
FOOD STEAK
0%
No matching quizzes found
Score Distribution
Percent of People with Each Score
Percentile by Number Answered
Your Score History
You have not taken this quiz